Normal view
MARC view
- تاليف الياد، مرشيا؛ خياطة، نهاد ترجمة
Entry Personal Name
001 - CONTROL NUMBER
- control field: 15457
003 - CONTROL NUMBER IDENTIFIER
- control field: JO-AjAnu
005 - DATE AND TIME OF LATEST TRANSACTION
- control field: 20230606072751.0
008 - FIXED-LENGTH DATA ELEMENTS
- fixed length control field: 230606|| aca||aabn | a|a d
040 ## - CATALOGING SOURCE
- Original cataloging agency: JO-AjAnu
- Transcribing agency: JO-AjAnu
100 ## - HEADING--PERSONAL NAME
- Personal name: تاليف الياد، مرشيا؛ خياطة، نهاد ترجمة
670 ## - SOURCE DATA FOUND
- Source citation: Work cat.: (JO-AjAnu)7938: تاليف الياد، مرشيا؛ خياطة، نهاد ترجمة, author, اسطورة العود الابدي